| 000 | 00484nam a2200169Ia 4500 | ||
|---|---|---|---|
| 008 | 230917s9999||||xx |||||||||||||| ||und|| | ||
| 020 | _cRS750 | ||
| 040 |
_e245553 _aMAIN |
||
| 041 | _aEnglish | ||
| 082 | _a381.413510954 M528F | ||
| 100 | _aMenon, Meena | ||
| 245 | 0 | _aFrayed history: The Journey of cotton in India | |
| 260 |
_aNew Delhi _bOxford University Press _c2017 |
||
| 300 | _axxxiii, 383 p. | ||
| 500 | _a3036 01/02/2018 HBD18/7377 22/03/2018 Main Budget | ||
| 942 | _cBK | ||
| 999 |
_c25854 _d25854 |
||